000
00223nam a2200109Ia 4500
100
_a
Microsoft Cobol
942
_c
BK
654
_a
Language Reference
245
_a
M.S Cobol 4.5
260
_b
Microsoft
546
_a
ENGLISH
999
_c
30167
_d
30167